000 00214nam a22000857a 4500
008 170208b xxu||||| |||| 00| 0 eng d
100 _92810
_aBharat Scouts
245 _aA Guide for Guiding
260 _aNew Delhi
_bBS
_c2011
999 _c6025
_d6025